Oxford Dictionaries Top 1000 English Words - 170 (Or 171) Are 6 Letters Long - Statistics

General Stats
  • This quiz has been taken 6,761 times
  • The average score is 69 of 171
Answer Stats
Words % Correct
Father
75%
Mother
75%
Before
67%
Change
67%
People
64%
Though
64%
Answer
62%
Family
62%
Person
61%
School
61%
Charge
59%
Friend
59%
Appear
58%
Become
58%
Choose
58%
Letter
58%
Arrive
57%
Behind
57%
Second
57%
Always
56%
Accept
55%
Create
55%
Minute
55%
Reason
55%
Return
55%
Around
53%
Chance
53%
Street
53%
Almost
52%
Should
52%
Choice
51%
Number
51%
Affect
50%
Animal
50%
Happen
50%
Inside
50%
Moment
50%
Nature
50%
Really
50%
Remain
50%
Report
50%
Worker
50%
Action
49%
Anyone
49%
Attend
49%
Matter
49%
Season
49%
Simple
49%
Amount
48%
Common
48%
Follow
48%
Manage
48%
Record
48%
Strong
48%
Police
47%
Demand
46%
Listen
46%
Please
46%
Writer
46%
Access
45%
Church
45%
Colour
45%
Design
45%
Effect
45%
Nation
45%
Office
45%
Parent
45%
Wonder
45%
Either
44%
Ground
44%
Health
44%
Artist
43%
Assume
43%
Define
43%
Degree
43%
Across
42%
Appeal
42%
Sample
42%
Beyond
41%
Doctor
41%
Driver
41%
Expect
41%
Remove
41%
Suffer
41%
Depend
40%
Detail
40%
Leader
40%
Normal
40%
Attack
39%
Course
39%
Decade
39%
Enough
39%
Travel
39%
Rather
38%
Reveal
38%
Author
37%
Debate
37%
Effort
37%
Finish
37%
Future
37%
Little
37%
Player
37%
Simply
37%
Supply
37%
System
37%
Within
37%
Female
36%
Former
36%
Notice
36%
Policy
36%
Single
36%
Market
35%
Reduce
35%
Member
34%
Series
33%
Threat
33%
Centre
32%
Damage
32%
Entire
32%
Figure
32%
Reader
32%
Refuse
32%
Search
32%
Region
31%
Review
31%
Couple
30%
Ensure
30%
Winner
30%
Factor
29%
Toward
29%
Memory
29%
Nearly
29%
Public
29%
Regard
29%
Strike
29%
Career
28%
Direct
28%
Extend
28%
Growth
28%
Myself
28%
Recent
28%
Scheme
28%
Source
28%
Target
28%
Battle
27%
Energy
27%
Option
26%
Result
26%
Deside
25%
Modern
25%
Social
25%
Weapon
25%
Cannot
24%
Credit
24%
Method
24%
Sector
24%
Itself
23%
Period
23%
Pretty
23%
Weight
23%
Highly
22%
Indeed
22%
Likely
22%
Obtain
22%
During
21%
Global
21%
Impact
21%
Theory
20%
Injury
19%
Senior
18%
Launch
17%
No matching quizzes found
Score Distribution
Percent of People with Each Score
Percentile by Number Answered
Your Score History
You have not taken this quiz